[Event "105th British-ch 2018"]
[Site "Hull"]
[Date "2018.07.28"]
[Round "1"]
[White "Howell, David W L"]
[Black "Abdulla, Murad"]
[Result "1-0"]
[WhiteElo "2687"]
[BlackElo "2281"]
[Annotator "TA"]
[PlyCount "102"]
[EventDate "2018.07.28"]
[EventType "swiss"]
[EventCountry "GBR"]
[SourceTitle "playchess.com"]
[Source "ChessBase"]
[SourceQuality "1"]

{[%evp 20,102,45,47,77,72,91,58,88,52,57,65,212,194,394,381,406,414,768,753,1501,1445,1370,328,320,327,291,295,329,315,301,257,252,253,246,212,256,195,181,0,245,252,243,243,246,240,248,244,256,254,431,425,417,416,417,0,0,0,399,414,409,400,418,361,525,441,687,690,486,607,602,560,778,749,5953,9490,29962,12797,29975,29977,29975,29976,29971,12831,5089]} 1. c4 c5 2. Nf3 Nc6 3. d4 cxd4 4. Nxd4 g6 5. e4 Bg7 6. Be3 Nf6 7. Nc3 Ng4 8. Qxg4 Nxd4 9. Qd1 Nc6 10. Qd2 d6 11. Be2 {LiveBook: 20 Partien. B39: Sizilianisch (Maroczy-Aufbau)} b6 12. Bh6 $146 ({Vorgänger:} 12. O-O Bb7 13. Rac1 O-O 14. f3 Re8 15. Nb5 Ne5 16. b4 a6 {1-0 (62) Blagojevic,D (2395)-Sprecic,M (2330) Tuzla 1990}) 12... O-O 13. Rd1 {Weiß steht besser.} Ba6 14. h4 Bxh6 $1 15. Qxh6 e6 (15... f6 $1 $14) 16. f4 Na5 $2 (16... Qf6) 17. e5 $18 f5 18. h5 Qe8 (18... Qe7 $142 19. hxg6 dxe5 20. fxe5 (20. gxh7+ Kh8 $18) 20... Rad8) 19. Rxd6 Bxc4 20. Bxc4 Nxc4 {[#]} 21. hxg6 $1 {[%mdl 512]} Qxg6 22. Qxg6+ ({Nicht} 22. Rxe6 Qg3+ 23. Kf1 Rf7 $16) 22... hxg6 23. Rxe6 Kg7 24. Nd5 {Droht Matt per Te7+.} Rfe8 25. Rxe8 Rxe8 {[%mdl 4096] Endspiel KTS-KTS} 26. Nf6 Re7 {Droht ...Sxe5.} 27. Rh7+ Kf8 28. Nd7+ Ke8 {[#] zielt auf ...Kxd7 ab.} 29. Nf6+ (29. b3 $142 $1 Rxh7 30. Nf6+ Ke7 31. Nxh7) 29... Kf8 30. b3 Ne3 31. Rh2 Nc2+ 32. Kd2 Nd4 33. Ke3 Ne6 34. g3 Rc7 $2 (34... Kf7 35. Nd5 Rd7) 35. Rh8+ Kg7 36. Rh7+ Kf8 {und die Idee ...Tc3+ ließe Schwarz weiter hoffen.} 37. Nd7+ Ke8 38. Nf6+ Kf8 {Schwarz hofft, mit ...Tc3+ fortzusetzen.} 39. Rxc7 Nxc7 {KS-KS} 40. Kd4 Kf7 41. Kc4 Ke6 (41... g5 $142 42. Nd5 (42. fxg5 Ne6 $18) 42... Ne6) 42. b4 a6 (42... Na6 $142 43. Kb5 Nb8) 43. a4 b5+ 44. axb5 Nxb5 45. Kc5 Nc3 46. Kb6 Ne2 47. Kxa6 Nxg3 48. b5 {[%cal Bb4b5,Bb5b6][%mdl 32]} Ne4 49. b6 Nc5+ 50. Kb5 Nb7 51. Kc6 Na5+ {Precision: Weiß = 69%, Schwarz = 29%.} 1-0

[Event "105th British-ch 2018"]
[Site "Hull"]
[Date "2018.07.28"]
[Round "1"]
[White "McShane, Luke J"]
[Black "Pritchett, Craig W"]
[Result "1-0"]
[WhiteElo "2669"]
[BlackElo "2274"]
[Annotator "TA"]
[PlyCount "95"]
[EventDate "2018.07.28"]
[EventType "swiss"]
[EventCountry "GBR"]
[SourceTitle "playchess.com"]
[Source "ChessBase"]
[SourceQuality "1"]

{[%evp 23,95,22,26,13,46,34,50,30,37,0,6,5,10,5,51,42,51,53,55,45,43,50,45,49,51,65,66,64,75,65,82,78,78,57,84,78,60,75,108,106,121,120,121,130,120,107,135,143,245,231,235,236,240,233,196,157,301,192,499,382,482,469,803,740,609,268,257,260,213,185,230,188,1215,186]} 1. c4 c5 2. Nf3 Nf6 3. Nc3 e6 4. e3 Nc6 5. d4 d5 6. a3 a6 7. dxc5 Bxc5 8. b4 Be7 9. Bb2 O-O 10. cxd5 exd5 11. Be2 Be6 12. O-O Rc8 13. Nd4 {D40: Queen's Gambit Declined: Semi-Tarrasch with 5 e3} (13. Rc1 Bd6 14. Na4 Ne4 15. Nc5 Qe7 16. Nd3 Rfd8 17. Nde5 f6 18. Nxc6 Rxc6 19. Rxc6 bxc6 20. Bxa6 c5 21. bxc5 Bxc5 22. Nd4 Bf7 23. Nc6 {1-0 (23) Matlakov,M (2676)-Martynov,P (2303) St Petersburg 2013}) 13... Nxd4 $146 ({Predecessor:} 13... b5 14. Nxc6 Rxc6 15. Bf3 Rd6 16. Ne2 Nd7 17. a4 Nb6 18. axb5 axb5 {1-0 (29) Rodriguez Rueda,P (2349)-Cosman,A (2018) Durban 2014}) 14. Qxd4 Qd7 15. Rad1 {White is slightly better.} Rfd8 16. Rd2 Ne8 {White should prevent ...Bf6.} 17. Rfd1 Bf6 18. Qd3 Nc7 19. Bf3 Bg4 20. Bxg4 Qxg4 21. h3 Qc4 22. Na4 Qxd3 23. Rxd3 {And now Bxf6 would win.} Bxb2 24. Nxb2 Nb5 25. Na4 Kf8 26. Nc5 $36 {[%mdl 2048] White fights for an advantage.} b6 27. Nxa6 Nc3 28. R1d2 Ne4 29. Rb2 Rc1+ 30. Kh2 Ra8 31. b5 Nc5 32. Rxd5 {Black must now prevent Nxc5.} Nxa6 33. bxa6 Rxa6 $16 {[%mdl 4096] Endgame KRR-KRR} 34. Rd7 g6 35. Rb4 {Hoping for Rf4.} h5 (35... Rc5 $16 36. Rf4 Rf5) 36. Rf4 $18 f5 37. g4 hxg4 38. hxg4 Rc5 39. a4 Kg8 (39... b5 $16) 40. Kg3 Rca5 $2 {[#]} (40... b5 {is a better chance.}) 41. gxf5 gxf5 42. Rb7 Rxa4 (42... Rc5 $142 43. Rb4 Rca5 44. R7xb6 Kf7) 43. Rxf5 R6a5 44. Rf6 (44. Rf4 $142 Ra2 45. Rxb6) 44... Rg5+ 45. Kf3 b5 46. Rd6 {[%cal Rd6d8] [#]} Rf5+ 47. Kg2 {Strongly threatening Rd8+.} Rf8 $2 (47... Rg4+ 48. Kf1 Rb4) 48. Rg6+ {Precision: White = 61%, Black = 44%.} 1-0

[Event "105th British-ch 2018"]
[Site "Hull"]
[Date "2018.07.28"]
[Round "1"]
[White "Pert, Nicholas"]
[Black "Britton, Richard L"]
[Result "1-0"]
[WhiteElo "2544"]
[BlackElo "2249"]
[Annotator "TA"]
[PlyCount "71"]
[EventDate "2018.07.28"]
[EventType "swiss"]
[EventCountry "GBR"]
[SourceTitle "playchess.com"]
[Source "ChessBase"]
[SourceQuality "1"]

{[%evp 12,71,22,18,27,17,20,0,0,0,0,0,0,-6,38,-7,17,0,0,9,2,13,0,-11,18,0,0,-5,21,20,14,7,60,53,56,29,145,143,305,272,623,635,595,560,1048,996,1024,1020,975,961,946,935,1113,1093,1076,1054,1487,1105,29983,29984,29984,29984]} 1. d4 Nf6 2. Nf3 g6 3. g3 Bg7 4. Bg2 O-O 5. O-O d6 6. Nc3 Nbd7 7. a4 {LiveBook: 65 Games} Re8 {A49: 1 d4 Nf6 2 Nf3 g6 3 g3: Anti-King's Indian systems} (7... a5 8. h3 c6 9. b3 Re8 10. e4 e5 11. dxe5 dxe5 12. Ba3 Bf8 13. Bxf8 Kxf8 14. Qd2 Kg7 15. Rad1 Qe7 16. Rfe1 Nc5 17. Qe3 b6 {½-½ (17) Sumets,A (2569)-Demchenko,A (2671) Rochefort 2018}) 8. a5 c6 9. Bf4 Qc7 {The position is equal.} 10. Qc1 e5 11. dxe5 dxe5 12. Bh6 Bh8 13. Ra4 $146 ({Predecessor:} 13. h3 Nc5 14. Qe3 Na6 {1-0 (35) Rewitz,P (2233)-Jacobsen,B (2302) Denmark 2013}) 13... Rb8 14. h3 b5 15. axb6 axb6 {[%cal Ba7b6,Bb6b5,Bb5b4][%mdl 32]} 16. Ng5 b5 17. Rh4 b4 18. Nce4 Nxe4 19. Bxe4 Nf6 20. Bd3 Re7 21. Bc4 Bd7 ({Black should play} 21... c5 $11) 22. Qe3 $36 {[%mdl 2048] Black is under pressure.} c5 23. Qd3 Bg7 {[#]} (23... Rb6 $11 {remains equal.}) 24. Nxh7 $1 $16 Bf5 $2 (24... Kxh7 $16 25. Bg5+ Kg8) 25. Bxg7 $18 Bxd3 $2 (25... Nxh7 26. Qe3 (26. e4 Be6 $16) 26... Kxg7) 26. Bxf6 {Intending Ng5 and mate.} Rb6 27. exd3 Rxf6 28. Nxf6+ Kg7 29. Nd5 Qd8 30. Nxe7 Qxe7 31. Re4 f5 32. Re3 Qd6 33. Rfe1 f4 34. Re4 g5 35. Rxe5 fxg3 36. Rxg5+ {Precision: White = 71%, Black = 39%.} 1-0

[Event "105th British-ch 2018"]
[Site "Hull"]
[Date "2018.07.28"]
[Round "1"]
[White "Ghasi, Ameet K"]
[Black "Rudd, Jack"]
[Result "0-1"]
[WhiteElo "2494"]
[BlackElo "2244"]
[Annotator "ChessBase"]
[PlyCount "86"]
[EventDate "2018.07.28"]
[EventType "swiss"]
[EventCountry "GBR"]
[SourceTitle "playchess.com"]
[Source "ChessBase"]
[SourceQuality "1"]
[TimeControl "40/5400+30:1800+30"]

1. Nf3 {[%emt 0:00:23]} Nf6 {[%emt 0:00:12]} 2. g3 {[%emt 0:00:22]} b5 {[%emt 0:00:10]} 3. Bg2 {[%emt 0:00:03]} Bb7 {[%emt 0:00:07]} 4. d3 {[%emt 0:00:05]} e6 {[%emt 0:00:26]} 5. O-O {[%emt 0:00:05]} Be7 {[%emt 0:00:05]} 6. c4 {[%emt 0:00:48]} bxc4 {[%emt 0:00:19]} 7. dxc4 {[%emt 0:00:02]} O-O {[%emt 0:00:10]} 8. Qc2 {[%emt 0:06:26]} Be4 {[%emt 0:02:28]} 9. Qd2 {[%emt 0:01:08]} c6 {[%emt 0:01:06]} 10. Nc3 {[%emt 0:04:35]} d5 {[%emt 0:00:15]} 11. Nxe4 {[%emt 0:07:02]} Nxe4 {[%emt 0:00:11]} 12. Qc2 {[%emt 0:00:31]} Bf6 {[%emt 0:00:39]} 13. Nd2 {[%emt 0:08:35]} Nxd2 {[%emt 0:01:51]} 14. Bxd2 {[%emt 0:00:38]} Qb6 {[%emt 0:00:20]} 15. Rab1 {[%emt 0:18:08]} Nd7 {[%emt 0:00:24]} 16. b3 {[%emt 0:04:01]} g6 {[%emt 0:03:00]} 17. e4 {[%emt 0:06:32]} Rac8 {[%emt 0:02:17]} 18. Be3 {[%emt 0:05:51]} d4 {[%emt 0:01:54]} 19. Bd2 {[%emt 0:00:27]} a5 {[%emt 0:00:29]} 20. Qd1 {[%emt 0:05:52]} Be7 {[%emt 0:01:41]} 21. h4 {[%emt 0:03:53]} Bb4 {[%emt 0:01:55]} 22. Bg5 {[%emt 0:00:25]} Rfe8 {[%emt 0:01:49]} 23. Kh1 {[%emt 0:02:55]} f6 {[%emt 0:00:44]} 24. Bh6 {[%emt 0:01:19]} Ne5 {[%emt 0:01:00]} 25. Bf4 {[%emt 0:02:14]} Rcd8 {[%emt 0:01:12]} 26. Bc1 {[%emt 0:10:08]} h5 {[%emt 0:01:27]} 27. Bh3 {[%emt 0:00:04]} d3 {[%emt 0:00:25]} 28. Be3 {[%emt 0:03:01]} Bc5 {[%emt 0:01:04]} 29. Bxc5 {[%emt 0:00:03]} Qxc5 {[%emt 0:00:10]} 30. f4 {[%emt 0:00:09]} Nf7 {[%emt 0:00:09]} 31. Qd2 {[%emt 0:00:34]} Rd4 {[%emt 0:02:12]} 32. Rbe1 {[%emt 0:00:31]} Nd6 {[%emt 0:01:22]} 33. Bg2 {[%emt 0:07:27]} f5 {[%emt 0:02:40]} 34. e5 {[%emt 0:00:11]} Ne4 {[%emt 0:00:07]} 35. Bxe4 {[%emt 0:00:16]} fxe4 {[%emt 0:00:06]} 36. Re3 {[%emt 0:02:52]} a4 {[%emt 0:01:51]} 37. Rfe1 {[%emt 0:00:36]} axb3 {[%emt 0:00:14]} 38. axb3 {[%emt 0:00:01]} Rb8 {[%emt 0:00:21]} 39. Rxe4 {[%emt 0:01:09]} Rxb3 {[%emt 0:00:10]} 40. Rxd4 {[%emt 0:00:26]} Qxd4 {[%emt 0:00:07]} 41. f5 {[%emt 0:05:40]} Qc3 {[%emt 0:01:58]} 42. Qf2 {[%emt 0:04:30]} Rb2 {[%emt 0:01:08]} 43. Qe3 {[%emt 0:00:31]} Qc2 {[%emt 0:00:40]} 0-1

[Event "105th British-ch 2018"]
[Site "Hull"]
[Date "2018.07.28"]
[Round "1"]
[White "Emms, John M"]
[Black "Moore, Graham J"]
[Result "1/2-1/2"]
[WhiteElo "2488"]
[BlackElo "2218"]
[Annotator "ChessBase"]
[PlyCount "80"]
[EventDate "2018.07.28"]
[EventType "swiss"]
[EventCountry "GBR"]
[SourceTitle "playchess.com"]
[Source "ChessBase"]
[SourceQuality "1"]
[TimeControl "40/5400+30:1800+30"]

1. e4 {[%emt 0:00:19]} e6 {[%emt 0:00:22]} 2. d4 {[%emt 0:00:07]} d5 {[%emt 0:00:05]} 3. Nd2 {[%emt 0:00:38]} c5 {[%emt 0:00:37]} 4. exd5 {[%emt 0:01:51]} Qxd5 {[%emt 0:00:11]} 5. Ngf3 {[%emt 0:04:35]} cxd4 {[%emt 0:00:13]} 6. Bc4 {[%emt 0:00:15]} Qd6 {[%emt 0:00:10]} 7. O-O {[%emt 0:01:36]} Nf6 {[%emt 0:00:11]} 8. Nb3 {[%emt 0:00:45]} Nc6 {[%emt 0:00:14]} 9. Nbxd4 {[%emt 0:11:43]} Nxd4 {[%emt 0:01:22]} 10. Nxd4 {[%emt 0:00:04]} a6 {[%emt 0:00:08]} 11. Re1 {[%emt 0:04:15]} Qc7 {[%emt 0:00:13]} 12. Bd3 {[%emt 0:04:10]} Bd6 {[%emt 0:07:04]} 13. h3 {[%emt 0:12:15]} O-O {[%emt 0:05:41]} 14. Bg5 {[%emt 0:08:01]} Nd5 {[%emt 0:10:59]} 15. Qh5 {[%emt 0:12:38]} g6 {[%emt 0:00:36]} 16. Qh4 {[%emt 0:07:10]} Bh2+ {[%emt 0:02:23]} 17. Kh1 {[%emt 0:00:35]} Bf4 {[%emt 0:00:16]} 18. Be4 {[%emt 0:12:49]} Bxg5 {[%emt 0:14:40]} 19. Qxg5 {[%emt 0:00:01]} Nf4 {[%emt 0:05:33]} 20. Ne2 {[%emt 0:04:39]} Nh5 {[%emt 0:17:27]} 21. Bf3 {[%emt 0:01:15]} Ng7 {[%emt 0:02:43]} 22. Rad1 {[%emt 0:04:50]} Bd7 {[%emt 0:05:23]} 23. Nc3 {[%emt 0:00:42]} f6 {[%emt 0:02:50]} 24. Qh4 {[%emt 0:02:09]} f5 {[%emt 0:09:08]} 25. Qb4 {[%emt 0:01:17]} Rab8 {[%emt 0:06:24]} 26. Qd6 {[%emt 0:01:40]} Qxd6 {[%emt 0:00:17]} 27. Rxd6 {[%emt 0:00:01]} Be8 {[%emt 0:04:28]} 28. Kg1 {[%emt 0:00:49]} Rf7 {[%emt 0:00:44]} 29. Red1 {[%emt 0:01:03]} Rc7 {[%emt 0:00:16]} 30. Rd8 {[%emt 0:00:54]} Rxd8 {[%emt 0:00:31]} 31. Rxd8 {[%emt 0:00:02]} Kf7 {[%emt 0:00:45]} 32. a3 {[%emt 0:00:35]} Bd7 {[%emt 0:02:39]} 33. g4 {[%emt 0:00:53]} Ne8 {[%emt 0:00:24]} 34. gxf5 {[%emt 0:01:18]} gxf5 {[%emt 0:00:14]} 35. Rb8 {[%emt 0:00:25]} Nd6 {[%emt 0:00:56]} 36. Rh8 {[%emt 0:00:45]} Kg7 {[%emt 0:00:04]} 37. Rd8 {[%emt 0:00:15]} Nf7 {[%emt 0:00:26]} 38. Rb8 {[%emt 0:00:13]} Nd6 {[%emt 0:00:09]} 39. Rd8 {[%emt 0:00:48]} Nf7 {[%emt 0:00:04]} 40. Rb8 {[%emt 0:00:06]} Nd6 {[%emt 0:00:05]} 1/2-1/2

[Event "105th British-ch 2018"]
[Site "Hull"]
[Date "2018.07.28"]
[Round "1"]
[White "Gormally, Daniel W"]
[Black "Kalaiyalahan, Akshaya"]
[Result "1-0"]
[WhiteElo "2478"]
[BlackElo "2138"]
[Annotator "TA"]
[PlyCount "73"]
[EventDate "2018.07.28"]
[EventType "swiss"]
[EventCountry "GBR"]
[SourceTitle "playchess.com"]
[Source "ChessBase"]
[SourceQuality "1"]

{[%evp 18,73,16,14,12,10,20,0,-2,0,27,18,12,0,42,25,40,39,52,47,45,47,52,54,36,22,60,60,73,64,103,99,106,105,104,102,124,120,167,151,156,152,206,206,360,328,639,620,29964,29964,12839,12835,29965,29951,29963,12838,12839,12126]} 1. e4 c5 2. Nf3 Nc6 3. Bb5 g6 4. O-O Bg7 5. d3 Nf6 6. Bxc6 bxc6 7. e5 Nd5 8. Nbd2 O-O 9. Re1 d6 10. h3 Nc7 {B31: Sicilian: 2...Nc6 3 Bb5 g6} 11. Ne4 Ne6 12. Be3 f5 {The position is equal.} 13. Neg5 $146 ({Predecessor:} 13. exf6 exf6 14. c3 Rb8 15. d4 f5 16. Neg5 f4 17. Nxe6 Bxe6 18. Bxf4 {1-0 (34) Turova,I (2381)-Fatalibekova,E (2276) Elista 2003}) 13... f4 14. Nxe6 Bxe6 15. Bd2 Bd5 16. exd6 exd6 17. Bc3 Bxc3 18. bxc3 c4 19. dxc4 Bxc4 20. Nd2 Bf7 21. Qg4 Be8 22. Rab1 $36 {[%mdl 2048] White fights for an advantage.} Bd7 23. Qf3 d5 {[#]} 24. c4 $1 Rf7 25. cxd5 cxd5 26. Rb4 ({Don't play} 26. Qxd5 $6 Bxh3 27. Qf3 Bg4 $11) 26... Qa5 27. Qb3 Raf8 28. Nf3 {[%cal Bd2f3,Bf3g5,Bg5e6][%mdl 32]} a6 29. Re5 Bc6 (29... Qc7 $16 30. Rb7 (30. Qxd5 Bc6 $14) (30. Rxd5 Be6 $16) 30... Qc8) 30. Ng5 Rd7 $2 (30... Rf5 {was necessary.} 31. Rxf5 Rxf5) 31. Ne6 $1 {[%csl LRf4,LRf8]} Re8 $2 (31... Re7) 32. Rxf4 $18 Rde7 {[#]} 33. Qf3 $1 Rxe6 34. Rxe6 Rxe6 35. Rf8+ Kg7 36. Qf7+ Kh6 37. Qxe6 {Precision: White = 84%, Black = 39%.} 1-0

[Event "105th British-ch 2018"]
[Site "Hull"]
[Date "2018.07.28"]
[Round "1"]
[White "Ward, Chris G"]
[Black "Payne, Matthew J"]
[Result "0-1"]
[WhiteElo "2434"]
[BlackElo "2113"]
[Annotator "NA"]
[PlyCount "116"]
[EventDate "2018.07.28"]
[EventType "swiss"]
[EventCountry "GBR"]
[SourceTitle "playchess.com"]
[Source "ChessBase"]
[SourceQuality "1"]
[TimeControl "40/5400+30:1800+30"]

1. d4 {[%emt 0:00:02]} Nf6 {[%emt 0:00:14]} 2. c4 {[%emt 0:00:07]} g6 {[%emt 0:00:14]} 3. Nc3 {[%emt 0:00:05]} Bg7 {[%emt 0:00:12]} 4. e4 {[%emt 0:00:06]} d6 {[%emt 0:00:14]} 5. Nge2 {[%emt 0:00:10]} O-O {[%emt 0:00:23]} 6. Ng3 {[%emt 0:00:09]} e5 {[%emt 0:00:27]} 7. d5 {[%emt 0:00:12]} a5 {[%emt 0:00:38]} 8. Be2 {[%emt 0:00:51]} Na6 {[%emt 0:00:52]} 9. h4 {[%emt 0:00:37]} h5 {[%emt 0:01:17]} 10. Bg5 {[%emt 0:01:07]} Qe8 {[%emt 0:01:05]} 11. Qd2 {[%emt 0:17:10]} Nh7 {[%emt 0:05:34]} 12. Bh6 {[%emt 0:08:24]} Qe7 {[%emt 0:04:29]} 13. O-O-O {[%emt 0:09:25]} Bxh6 {[%emt 0:15:05]} 14. Qxh6 {[%emt 0:00:53]} Qf6 {[%emt 0:00:13]} 15. Bf3 {[%emt 0:13:00]} Nc5 {[%emt 0:11:05]} 16. Qe3 {[%emt 0:04:10]} Re8 {[%emt 0:08:59]} 17. Nge2 {[%emt 0:09:57]} a4 {[%emt 0:12:35]} 18. Kb1 {[%emt 0:07:37]} b6 {[%emt 0:06:35]} 19. Nb5 {[%emt 0:01:15]} Re7 {[%emt 0:01:00]} 20. Nec3 {[%emt 0:00:19]} Qg7 {[%emt 0:05:28]} 21. Ka1 {[%emt 0:10:33]} f5 {[%emt 0:05:13]} 22. exf5 {[%emt 0:01:45]} gxf5 {[%emt 0:06:23]} 23. Bxh5 {[%emt 0:01:30]} f4 {[%emt 0:00:09]} 24. Qd2 {[%emt 0:06:26]} Bf5 {[%emt 0:00:50]} 25. g4 {[%emt 0:00:48]} Bd3 {[%emt 0:01:39]} 26. g5 {[%emt 0:00:03]} e4 {[%emt 0:01:43]} 27. Na3 {[%emt 0:02:45]} e3 {[%emt 0:05:00]} 28. fxe3 {[%emt 0:00:10]} fxe3 {[%emt 0:00:08]} 29. Qg2 {[%emt 0:01:16]} Rf8 {[%emt 0:03:06]} 30. Rhe1 {[%emt 0:00:58]} Rf2 {[%emt 0:01:01]} 31. Qh3 {[%emt 0:00:28]} Bf5 {[%emt 0:00:52]} 32. Qg3 {[%emt 0:01:00]} Nd3 {[%emt 0:02:13]} 33. Rxe3 {[%emt 0:00:41]} Rxe3 {[%emt 0:00:33]} 34. Qxe3 {[%emt 0:00:17]} Nxb2 {[%emt 0:00:17]} 35. Rd2 {[%emt 0:02:31]} Nd3 {[%emt 0:00:54]} 36. Rxd3 {[%emt 0:00:09]} Bxd3 {[%emt 0:00:30]} 37. Qxd3 {[%emt 0:00:44]} Nf8 {[%emt 0:00:38]} 38. Nab1 {[%emt 0:00:58]} Qe5 {[%emt 0:00:41]} 39. Bg4 {[%emt 0:00:30]} Rf4 {[%emt 0:00:52]} 40. Be6+ {[%emt 0:00:31]} Kg7 {[%emt 0:00:21]} 41. Qg3 {[%emt 0:10:09]} Rxc4 {[%emt 0:04:07]} 42. Qf3 {[%emt 0:07:42]} Nxe6 {[%emt 0:01:57]} 43. dxe6 {[%emt 0:00:08]} Qxe6 {[%emt 0:00:11]} 44. h5 {[%emt 0:00:15]} b5 {[%emt 0:03:12]} 45. h6+ {[%emt 0:07:15]} Kg6 {[%emt 0:00:57]} 46. Qf8 {[%emt 0:01:12]} Qf7 {[%emt 0:01:15]} 47. Qh8 {[%emt 0:02:59]} Rh4 {[%emt 0:01:55]} 48. Nxb5 {[%emt 0:00:54]} Rh2 {[%emt 0:00:44]} 49. N5c3 {[%emt 0:02:18]} Kxg5 {[%emt 0:04:51]} 50. Qg7+ {[%emt 0:00:21]} Qg6 {[%emt 0:00:08]} 51. Qxc7 {[%emt 0:01:37]} Kxh6 {[%emt 0:00:41]} 52. Qb8 {[%emt 0:00:43]} Qf6 {[%emt 0:00:30]} 53. Qb4 {[%emt 0:00:35]} Rh4 {[%emt 0:00:21]} 54. Qb6 {[%emt 0:00:29]} Qd4 {[%emt 0:03:52]} 55. Qd8 {[%emt 0:00:40]} Rh3 {[%emt 0:00:18]} 56. Qf8+ {[%emt 0:00:10]} Kg5 {[%emt 0:00:15]} 57. Qe7+ {[%emt 0:00:12]} Qf6 {[%emt 0:00:26]} 58. Qxf6+ {[%emt 0:01:17]} Kxf6 {[%emt 0:01:52]} 0-1

[Event "105th British-ch 2018"]
[Site "Hull"]
[Date "2018.07.28"]
[Round "1"]
[White "Hebden, Mark L"]
[Black "Jarmany, John"]
[Result "1-0"]
[WhiteElo "2423"]
[BlackElo "2110"]
[Annotator "NA"]
[PlyCount "127"]
[EventDate "2018.07.28"]
[EventType "swiss"]
[EventCountry "GBR"]
[SourceTitle "playchess.com"]
[Source "ChessBase"]
[SourceQuality "1"]
[TimeControl "40/5400+30:1800+30"]

1. d4 {[%emt 0:00:08]} d5 {[%emt 0:00:04]} 2. Nf3 {[%emt 0:00:26]} Nf6 {[%emt 0:00:08]} 3. c4 {[%emt 0:00:46]} c6 {[%emt 0:00:09]} 4. e3 {[%emt 0:00:17]} Bf5 {[%emt 0:00:26]} 5. Nc3 {[%emt 0:00:19]} e6 {[%emt 0:00:22]} 6. Nh4 {[%emt 0:00:26]} Bg6 {[%emt 0:00:17]} 7. Be2 {[%emt 0:00:09]} Nbd7 {[%emt 0:01:26]} 8. O-O {[%emt 0:05:56]} Bd6 {[%emt 0:09:42]} 9. g3 {[%emt 0:00:23]} Ne4 {[%emt 0:11:58]} 10. Qb3 {[%emt 0:10:24]} Qc7 {[%emt 0:18:30]} 11. Nxg6 {[%emt 0:14:10]} hxg6 {[%emt 0:00:14]} 12. Nxe4 {[%emt 0:02:29]} dxe4 {[%emt 0:00:12]} 13. Bd2 {[%emt 0:02:22]} c5 {[%emt 0:16:42]} 14. Kg2 {[%emt 0:01:31]} g5 {[%emt 0:03:57]} 15. f3 {[%emt 0:04:39]} Nf6 {[%emt 0:03:47]} 16. Qb5+ {[%emt 0:02:23]} Ke7 {[%emt 0:09:30]} 17. dxc5 {[%emt 0:01:12]} Bxc5 {[%emt 0:00:08]} 18. b4 {[%emt 0:00:44]} Bd6 {[%emt 0:00:05]} 19. Bc3 {[%emt 0:06:11]} Kf8 {[%emt 0:00:55]} 20. f4 {[%emt 0:03:57]} gxf4 {[%emt 0:04:02]} 21. exf4 {[%emt 0:01:21]} a6 {[%emt 0:01:06]} 22. Qg5 {[%emt 0:02:09]} Rh6 {[%emt 0:00:54]} 23. Rad1 {[%emt 0:03:27]} Rg6 {[%emt 0:01:16]} 24. Be5 {[%emt 0:01:18]} Bxe5 {[%emt 0:05:33]} 25. Qxe5 {[%emt 0:00:09]} Qb6 {[%emt 0:02:36]} 26. Qd6+ {[%emt 0:07:51]} Qxd6 {[%emt 0:00:02]} 27. Rxd6 {[%emt 0:00:07]} b5 {[%emt 0:05:49]} 28. Rc1 {[%emt 0:13:00]} bxc4 {[%emt 0:01:30]} 29. Rxc4 {[%emt 0:00:20]} Nd5 {[%emt 0:00:21]} 30. Rxe4 {[%emt 0:01:59]} Nc3 {[%emt 0:02:26]} 31. Re5 {[%emt 0:01:27]} Nxa2 {[%emt 0:00:32]} 32. Rb6 {[%emt 0:00:19]} Nc3 {[%emt 0:00:29]} 33. Rxa6 {[%emt 0:02:16]} Rxa6 {[%emt 0:00:11]} 34. Bxa6 {[%emt 0:00:05]} Nd5 {[%emt 0:00:14]} 35. f5 {[%emt 0:05:19]} Rg5 {[%emt 0:01:20]} 36. Bb7 {[%emt 0:03:13]} Nxb4 {[%emt 0:01:07]} 37. Re4 {[%emt 0:00:14]} Nd3 {[%emt 0:00:17]} 38. fxe6 {[%emt 0:00:09]} fxe6 {[%emt 0:00:17]} 39. h4 {[%emt 0:00:24]} Rg6 {[%emt 0:00:49]} 40. Bc8 {[%emt 0:01:04]} Ke7 {[%emt 0:00:35]} 41. Re3 {[%emt 0:01:09]} Nc5 {[%emt 0:00:37]} 42. Kh3 {[%emt 0:00:14]} Kd6 {[%emt 0:07:24]} 43. Ra3 {[%emt 0:01:14]} Rf6 {[%emt 0:01:43]} 44. Ba6 {[%emt 0:00:18]} e5 {[%emt 0:02:22]} 45. Bc4 {[%emt 0:00:11]} e4 {[%emt 0:00:59]} 46. h5 {[%emt 0:00:45]} Ke5 {[%emt 0:00:58]} 47. Ra7 {[%emt 0:00:37]} Kd4 {[%emt 0:00:04]} 48. Be2 {[%emt 0:00:35]} Ne6 {[%emt 0:04:08]} 49. Bg4 {[%emt 0:02:22]} e3 {[%emt 0:00:08]} 50. Rd7+ {[%emt 0:01:56]} Ke5 {[%emt 0:04:27]} 51. Kg2 {[%emt 0:01:27]} Ke4 {[%emt 0:09:57]} 52. Bxe6 {[%emt 0:17:34]} Rxe6 {[%emt 0:00:02]} 53. Rxg7 {[%emt 0:00:13]} e2 {[%emt 0:03:37]} 54. Kf2 {[%emt 0:00:29]} Kf5 {[%emt 0:00:40]} 55. Ke1 {[%emt 0:01:19]} Rh6 {[%emt 0:00:24]} 56. g4+ {[%emt 0:00:16]} Kf6 {[%emt 0:00:26]} 57. Rg8 {[%emt 0:00:40]} Kf7 {[%emt 0:00:23]} 58. Ra8 {[%emt 0:03:58]} Re6 {[%emt 0:00:05]} 59. g5 {[%emt 0:01:04]} Re5 {[%emt 0:00:43]} 60. g6+ {[%emt 0:01:22]} Kf6 {[%emt 0:01:08]} 61. Rf8+ {[%emt 0:00:30]} Kg7 {[%emt 0:00:22]} 62. Rf7+ {[%emt 0:00:11]} Kh6 {[%emt 0:00:40]} 63. Rh7+ {[%emt 0:00:13]} Kg5 {[%emt 0:00:02]} 64. g7 {[%emt 0:00:11]} 1-0